[Event "Kragero Resort Chess A 2018"]
[Site "Kragero"]
[Date "2018.02.22"]
[Round "2"]
[White "Sebastian, Andreas"]
[Black "Genocchio, Daniele"]
[Result "0-1"]
[WhiteElo "1880"]
[BlackElo "2385"]
[Annotator "TA"]
[PlyCount "46"]
[EventDate "2018.??.??"]
[EventType "swiss"]
[EventCountry "NOR"]
[SourceTitle "playchess.com"]
[Source "ChessBase"]
[SourceQuality "1"]

{[%evp 13,46,-38,0,-61,-52,-50,-53,-66,-58,-59,-49,-60,-56,-70,-38,-39,-44,-77,-52,-91,-94,-151,-148,-162,-149,-156,-166,-293,-293,-284,-275,-251,-275,-300,-269]} 1. c4 e5 2. Nc3 Nf6 3. g3 Bb4 4. Nd5 Nxd5 5. cxd5 O-O 6. Bg2 c6 {A22: English Opening: 1...e5 2 Nc3 Nf6} (6... d6 7. a3 Bc5 8. e3 Bf5 9. Ne2 Nd7 10. O-O Bb6 11. d4 Qe7 12. e4 Bg4 13. f3 Bh5 14. Be3 {½-½ (84) Harika,D (2514)-Potkin,V (2597) Almaty 2016}) 7. a3 Bc5 {LiveBook: 4 Games} 8. Qc2 (8. e3 $11) 8... d6 $146 {Black is slightly better.} ({Find the theoretical novelty and annotate with similar games:} 8... Qb6 9. e3 a5 10. Ne2 d6 11. Nc3 Qa6 12. d3 Bf5 13. e4 Bd7 14. O-O {1-0 (52) Hebesberger,T (2351)-Tabernig,B (2383) Austria 2015}) 9. dxc6 Nxc6 {aiming for ...Nd4.} 10. Nf3 Be6 (10... Bb6 {NOTEXT} 11. O-O Bg4 12. d3 Rc8 13. Qa4 Be6) 11. O-O Rc8 12. d3 b5 13. Qd1 h6 14. e3 Bb6 15. d4 Bg4 {[#] ...e4 is the strong threat.} 16. Qd3 Qf6 $36 {[%mdl 2048] Keeping White busy.} 17. dxe5 (17. d5 $142) 17... dxe5 $17 18. Nd2 a6 19. Ne4 Qg6 20. Bd2 (20. Qb1 $142) 20... Rfd8 $19 {Black has a decisive advantage.} 21. Qb1 f5 22. h3 Be2 23. Re1 Bc4 {Precision: White = 69%, Black = 70%.} ({Stronger than} 23... fxe4 24. Rxe2 Rd3 25. Bc3 $14) 0-1

[Event "Kragero Resort Chess A 2018"]
[Site "Kragero"]
[Date "2018.02.22"]
[Round "2"]
[White "Nesse, David"]
[Black "Thorfinnsson, Bragi"]
[Result "0-1"]
[WhiteElo "1701"]
[BlackElo "2426"]
[Annotator "TA"]
[PlyCount "36"]
[EventDate "2018.??.??"]
[EventType "swiss"]
[EventCountry "NOR"]
[SourceTitle "playchess.com"]
[Source "ChessBase"]
[SourceQuality "1"]

{[%evp 10,36,24,31,50,20,35,-20,18,37,29,42,4,8,19,0,0,0,0,-140,-156,-177,-172,-222,-176,-185,-174,-2242,-2242]} 1. e4 c5 2. Nc3 e6 3. Nge2 a6 4. g3 b5 5. Bg2 Bb7 6. O-O Nc6 {B23: Closed Sicilian: Lines without g3} 7. d3 (7. d4 cxd4 8. Nxd4 Nge7 9. Bf4 Ng6 10. Be3 Nge5 11. Nxc6 Bxc6 12. Bd4 Ng6 13. Re1 f6 14. Nd5 {0-1 (54) Jovanovic,Z (2534)-Vitiugov,N (2726) Tallinn 2016}) 7... Nf6 {[%cal Bg8f6,Bf6g4,Bg4e5,Be5d3,Bd3c1][%mdl 32]} 8. Nf4 (8. e5 $14 Ng4 9. f4) 8... h5 {The position is equal.} 9. e5 $146 ({Predecessor:} 9. Re1 Ne5 10. h3 g5 11. Nfd5 Rg8 12. Nxf6+ Qxf6 13. Qxh5 Be7 {0-1 (31) Marttala,T (2200)-Nygren,K (2202) Sweden 2017}) 9... Ng4 10. Nxh5 Ngxe5 11. f4 {[%cal Bf2f4,Bf4f5,Bf5f6][%mdl 32]} Nxd3 12. f5 Nxc1 13. f6 $1 $36 {[%mdl 2048] [#] aiming for Ne4. White fights for an advantage.} Rxh5 $1 14. Qxh5 (14. fxg7 $11 Rg5 15. gxf8=N Kxf8 16. Qxc1) 14... g6 $17 15. Qd1 Bh6 16. Re1 Qc7 17. Ne4 Nd4 18. Qe2 $2 {[#]} (18. Rxc1 Bxc1 19. Qxc1) 18... Ndxe2+ {Precision: White = 18%, Black = 58%.} 0-1

[Event "Kragero Resort Chess A 2018"]
[Site "Kragero"]
[Date "2018.02.22"]
[Round "3"]
[White "Hammer, Jon Ludvig"]
[Black "Haug, Johannes"]
[Result "1-0"]
[WhiteElo "2622"]
[BlackElo "2355"]
[Annotator "TA"]
[PlyCount "101"]
[EventDate "2018.??.??"]
[EventType "swiss"]
[EventCountry "NOR"]
[SourceTitle "playchess.com"]
[Source "ChessBase"]
[SourceQuality "1"]

{[%evp 18,101,35,37,35,27,54,27,26,26,29,16,37,24,40,19,41,36,72,64,58,62,91,81,91,91,101,42,43,50,50,42,45,20,49,21,16,15,16,17,20,11,11,13,42,50,74,60,58,55,157,157,151,141,197,37,37,37,37,37,37,37,45,45,59,69,206,206,272,272,272,272,272,232,366,329,492,489,474,455,467,446,702,612,567,527]} 1. Nf3 Nf6 2. g3 d5 3. Bg2 e6 4. O-O c5 5. d4 cxd4 6. b3 Nc6 7. Nxd4 Bc5 8. Bb2 Nxd4 {D02: 1 d4 d5 2 Nf3 sidelines, including 2...Nf6 3 g3 and 2...Nf6 3 Bf4} (8... O-O 9. c4 Bd7 10. cxd5 Nxd5 11. Nc2 Qe7 12. Nd2 a5 13. a3 Rfd8 14. e3 Nf6 15. Qe2 e5 16. Rfd1 Bg4 {0-1 (49) Erdos,V (2616)-Kraemer,M (2574) Germany 2016}) 9. Bxd4 Bxd4 10. Qxd4 {LiveBook: 3 Games} Qc7 {White is slightly better.} 11. c4 e5 12. Qb2 dxc4 $146 ({Find the theoretical novelty and annotate with similar games:} 12... d4 13. Nd2 O-O 14. Rac1 Bg4 15. Rfe1 Rad8 16. c5 {0-1 (36) Cordido Sixto,P-Gomez Lopez,R (2215) La Coruna 1999}) 13. Rc1 O-O 14. Nd2 {[%cal Bb1d2,Bd2c4,Bc4d6][%mdl 32]} Qe7 15. Rxc4 Bf5 16. Rac1 Rac8 17. Rxc8 Bxc8 18. Nc4 e4 19. Qd4 b6 20. Nd6 Bb7 21. Nf5 Qd8 22. e3 (22. Rd1 $16 Qc7 23. g4) 22... Qxd4 $14 23. Nxd4 a5 24. Rc7 Bd5 25. a4 Rd8 26. Bf1 g6 27. Bb5 Rd6 28. h3 h5 29. Kf1 $36 {[%mdl 2048] White is pushing.} Nh7 30. Bc4 {With the idea Bxd5.} Bxc4+ 31. bxc4 $11 {[%cal Bb3c4,Bc4c5][%mdl 4128] Endgame KRN-KRN} Ng5 32. Kg2 Ne6 33. Nxe6 Rxe6 $14 {KR-KR} ({Better is} 33... fxe6 $14 34. c5 bxc5) 34. c5 $1 $16 Kg7 35. g4 h4 (35... hxg4 $16 36. hxg4 Kf6) 36. g5 $2 (36. cxb6 $1 $18 Rxb6 37. Ra7) 36... bxc5 $14 37. Rxc5 Rb6 $1 38. Rxa5 {Strongly threatening Rb5.} Rb4 $1 39. Ra8 Rc4 40. Kf1 Rc1+ 41. Ke2 $1 Rg1 ({Black should try} 41... Rc2+ $14 42. Ke1 Rc1+ 43. Kd2 Rh1) 42. Re8 $18 Rh1 43. Rxe4 Rxh3 {[#]} 44. Kf1 $1 {[%cal Rf1g2] Kg2 is the strong threat.} ({Don't take} 44. a5 $6 Rh1 $16) 44... Rh1+ 45. Kg2 Ra1 (45... Rd1 $142 46. Rd4 Rc1 47. Rxh4 Rc5) 46. Rxh4 Ra2 (46... f6 $142 47. gxf6+ Kxf6) 47. Rd4 {White is clearly winning.} Ra3 48. Kg3 Ra2 49. f4 Kf8 (49... Ra1 $142 50. Kf3 Ra3) 50. Rd8+ Ke7 {[#]} 51. Ra8 $1 {Precision: White = 71%, Black = 53%.} 1-0

[Event "Kragero Resort Chess A 2018"]
[Site "Kragero"]
[Date "2018.02.22"]
[Round "3"]
[White "Lie, Kjetil A"]
[Black "Notkevich, Benjamin Arvola"]
[Result "0-1"]
[WhiteElo "2523"]
[BlackElo "2446"]
[Annotator "TA"]
[PlyCount "84"]
[EventDate "2018.??.??"]
[EventType "swiss"]
[EventCountry "NOR"]
[SourceTitle "playchess.com"]
[Source "ChessBase"]
[SourceQuality "1"]

{[%evp 13,84,-6,0,-33,-32,-26,-20,-22,0,-17,0,-13,-12,-10,-15,-14,10,16,13,12,11,8,12,9,25,-24,0,0,0,0,0,0,18,18,12,20,21,0,-8,-11,-5,-85,-85,-175,-170,-222,-220,-206,-207,-214,-217,-218,-207,-230,-200,-284,-290,-399,-389,-606,-591,-692,-706,-896,-874,-945,-951,-841,-701,-6286,-6279,-29991,-607]} 1. c4 e5 2. e3 Nf6 3. Nc3 Bb4 4. Nge2 O-O 5. a3 Be7 6. d4 exd4 7. Nxd4 {A22: Englische Eröffnung} (7. Qxd4 Nc6 8. Qd1 Ne5 9. Nf4 c6 10. Be2 Ng6 11. Nh5 Nxh5 12. Bxh5 d6 13. O-O Be6 14. b3 Bf6 {½-½ (55) Carlsen,M (2837)-Grigoriants,S (2561) Riadh 2017}) 7... d5 {LiveBook: 6 Partien} 8. Be2 dxc4 $146 ({Vorgänger:} 8... c5 9. Nf3 Be6 10. O-O Nc6 11. cxd5 Nxd5 12. Ne4 f5 13. Ng3 f4 14. exf4 Nxf4 15. Bxf4 Rxf4 16. Qc1 Qd6 17. Rd1 {1-0 (41) Dittmann,H (2135)-Seidel,K (2175) Germany 2006}) 9. O-O {Schwarz steht etwas besser.} a6 10. Qc2 b5 11. Rd1 {[#] Und Lf3 würde nun gewinnen.} Qe8 12. Bf3 Ra7 13. a4 {[%cal Ra4b5]} c5 14. Nf5 {Droht axb5 und aus.} Rd7 (14... b4 {is interesting.} 15. Nxe7+ Qxe7 16. Nd5 Nxd5 17. Bxd5 Be6) 15. Rxd7 Bxd7 16. axb5 axb5 17. Ra8 Bxf5 18. Qxf5 Bd6 19. g4 b4 20. Nd5 Nfd7 21. Be2 g6 22. Qf3 Qe5 23. Qg2 {f4 ist eine echte Drohung.} c3 24. bxc3 {zielt auf f4 ab.} Nf6 $1 {[%cal Rf6d5]} 25. Nxf6+ Qxf6 26. cxb4 Qc3 27. Qf1 (27. Qd5 $1 $11 Qe1+ 28. Kg2 Qxe2 29. Qxd6 Qxg4+ 30. Qg3 Qxb4 31. Ba3) 27... cxb4 $17 {Und weiter mit ...Tc8 wäre nett.} 28. Ra2 (28. Qd1 $17) 28... b3 $36 {[%mdl 2048] Weiss muss aufpassen.} 29. Rb2 (29. Rd2 {kämpft weiter.} Ba3 30. Bxa3 Qxd2 31. Bxf8 Kxf8 32. Qd1 Qxd1+ 33. Bxd1) 29... Ba3 30. Rb1 b2 31. Bxb2 Bxb2 32. Qd1 Nc6 33. Qa4 Rd8 34. Qe4 (34. Qc4 $142) 34... Rd2 35. Bb5 Qf6 36. Rf1 (36. Qf4 $142 Qxf4 37. exf4) 36... Ne5 37. Kg2 Ba3 38. h3 Bd6 39. Qa8+ Kg7 40. Qe4 Bc7 41. Qb7 Qd6 {( -> ...Sxg4!)} 42. Qe4 {[#]} Nxg4 {Precision: Weiß = 40%, Schwarz = 64%.} (42... Nc4 $142 $1 {[%mdl 512]} 43. Kf3 (43. Bxc4 Qh2+) 43... Qh2 44. Qd4+ Rxd4 45. Bxc4 Rd2 46. Bd3 f5 47. Bxf5 Qxh3+ 48. Ke4 Qg2+ 49. f3 Qxf1 50. g5 Qd3#) 0-1

[Event "Kragero Resort Chess A 2018"]
[Site "Kragero"]
[Date "2018.02.22"]
[Round "3"]
[White "Kantans, Toms"]
[Black "Hobber, Anders"]
[Result "1-0"]
[WhiteElo "2487"]
[BlackElo "2286"]
[Annotator "TA"]
[PlyCount "75"]
[EventDate "2018.??.??"]
[EventType "swiss"]
[EventCountry "NOR"]
[SourceTitle "playchess.com"]
[Source "ChessBase"]
[SourceQuality "1"]

{[%evp 26,74,31,27,20,33,47,38,72,79,88,83,90,61,52,0,50,44,48,55,43,40,59,73,56,60,85,84,86,80,89,77,147,0,27,16,17,9,387,310,383,295,679,338,29996,29997,29997,29998,29998,29999,29999]} 1. e4 e6 2. d4 d5 3. Nd2 Nf6 4. e5 Nfd7 5. Bd3 c5 6. c3 Nc6 7. Ne2 cxd4 8. cxd4 f6 9. exf6 Nxf6 10. O-O Bd6 11. Nf3 O-O 12. Bf4 Bxf4 13. Nxf4 Ne4 14. Ne2 Ng5 {C06: French Tarrasch: 3...Nf6 4 e5 Nfd7 5 Bd3 main lines} (14... Rxf3 15. gxf3 Ng5 16. Kh1 e5 17. Qb3 Qf6 18. Be4 Ne7 19. Nc3 Nxe4 20. Nxe4 Qf4 21. dxe5 Bd7 22. Rg1 Qxe5 23. Rae1 Bc6 24. Ng5 {1-0 (43) Safarli,E (2668)-Volkov,S (2617) Nakhchivan 2017}) 15. Ne5 Nxe5 16. dxe5 Nf7 {White is slightly better.} 17. f4 Qb6+ 18. Kh1 {[#]} Qxb2 $146 ({Predecessor:} 18... Bd7 19. Qd2 g6 20. Rf3 Rac8 21. h4 Nh6 22. h5 Kg7 23. Raf1 Bb5 24. Bxb5 Qxb5 25. Nd4 Qd7 26. hxg6 hxg6 27. b3 Rh8 28. Kg1 Nf5 29. Nxf5+ {½-½ (29) Skripchenko,A (2489)-Apicella,M (2522) Aix les Bains 2003}) 19. Nd4 g6 20. Qa4 (20. Nc2 $14) 20... Bd7 21. Qxd7 Qxd4 22. Rad1 {Bxg6! is the strong threat.} Qb6 23. Rb1 Qd4 24. Be2 $1 {[%cal Bd3e2,Be2g4,Bg4e6][%mdl 32]} Nd8 25. Bg4 Rxf4 26. Qe8+ Kg7 27. Bxe6 Qxe5 {[#]} 28. Qd7+ $1 Kh8 (28... Kh6 $142 29. Rxf4 (29. Bxd5 Rxf1+ 30. Rxf1 Nc6 $11) 29... Qxf4) 29. Qe8+ $40 {[%mdl 128] White has some attack.} ({White must play} 29. Bxd5 $16 {Strongly threatening Rfe1.} Qf5 30. Qe8+ Kg7 31. Kg1) 29... Kg7 $11 30. Rxf4 Qxf4 31. Bxd5 {And now g4 would win.} Qf5 $2 {[%mdl 8192]} (31... Rb8 $11 {and Black is okay.}) 32. Rd1 Rc8 {aiming for ...Qxd5!} 33. Qe7+ Kh6 $2 (33... Nf7) 34. Bg8 (34. g4 $142 Qf4 {[#]} 35. g5+ $1 {[%mdl 512]} Kh5 36. Qxh7+ Kxg5 37. Bxb7) 34... Qh5 $2 (34... Nf7 $18) 35. Qf8+ {White mates.} Kg5 36. Rd5+ Kg4 37. Qf3+ Kh4 38. Qg3# {Precision: White = 58%, Black = 26%.} 1-0

[Event "Kragero Resort Chess A 2018"]
[Site "Kragero"]
[Date "2018.02.22"]
[Round "3"]
[White "Holm, Kristian Stuvik"]
[Black "Hillarp Persson, Tiger"]
[Result "1/2-1/2"]
[WhiteElo "2448"]
[BlackElo "2543"]
[Annotator "TA"]
[PlyCount "68"]
[EventDate "2018.??.??"]
[EventType "swiss"]
[EventCountry "NOR"]
[SourceTitle "playchess.com"]
[Source "ChessBase"]
[SourceQuality "1"]

{[%evp 10,68,40,50,50,50,63,0,0,0,0,0,0,0,0,0,0,0,0,0,0,0,0,-10,0,0,0,0,0,0,0,0,0,6,28,16,20,22,27,5,8,0,36,8,21,0,6,10,9,8,58,12,37,37,44,38,42,37,141,132,175]} 1. d4 g6 2. Nf3 Bg7 3. g3 c5 4. c3 Nf6 5. Bg2 O-O (5... Na6 6. O-O O-O 7. Bg5 Qb6 8. Qb3 d6 9. Qxb6 axb6 10. Nbd2 h6 11. Bxf6 Bxf6 12. Nc4 b5 13. Nb6 Rb8 14. e3 Be6 {1-0 (26) Dreev,A (2664)-Fressinet,L (2687) Almaty 2016}) 6. dxc5 {LiveBook: 3 Games. A49: 1 d4 Nf6 2 Nf3 g6 3 g3: Anti-King's Indian systems} Qc7 7. b4 a5 8. Nd4 $146 (8. Bf4 $14 Qc6 9. Be5) ({Predecessor:} 8. Bf4 Qd8 9. Be5 Nc6 10. b5 Nxe5 11. Nxe5 Qc7 12. Nd3 {½-½ (41) Taus,M (2106)-Strebkovs,A (2340) Karvina 2015}) 8... axb4 $11 9. cxb4 d6 10. Nb5 Qd7 11. N1c3 {[%cal Rc5d6]} dxc5 12. bxc5 Qxd1+ 13. Nxd1 Nfd7 {[%cal Bf6d7,Bd7c5,Bc5e4][%mdl 32]} 14. Rb1 Rxa2 15. Ndc3 Rc2 16. Bd2 Nxc5 {aiming for ...Rd8.} 17. Kd1 Bf5 {White must now prevent ...Rd8.} 18. e4 {[#]} Rxc3 $1 {[%mdl 512]} 19. Bxc3 (19. Nxc3 Bxc3) 19... Nxe4 20. Bxg7 Kxg7 21. Ke2 Na6 22. Rbc1 Nec5 {[#] ...Bd3+ is the strong threat.} 23. Rhd1 b6 24. Nd4 Bd7 25. Bc6 {Strongly threatening Bxd7.} Bc8 26. f4 Nb4 27. Bf3 e5 28. fxe5 Ba6+ 29. Ke3 {Hoping for Rb1.} Re8 30. e6 (30. Rb1 $5 {[%cal Rb1b4]} Rxe5+ 31. Kd2 $14) 30... fxe6 31. Rb1 $36 {[%mdl 2048] White is pushing.} Nd5+ 32. Bxd5 exd5+ 33. Kf3 Ne6 (33... Rb8 $14) 34. Rxb6 $16 Ng5+ {Precision: White = 50%, Black = 59%.} 1/2-1/2

[Event "Kragero Resort Chess A 2018"]
[Site "Kragero"]
[Date "2018.02.22"]
[Round "3"]
[White "Thorfinnsson, Bragi"]
[Black "Christiansen, Johan-Sebastian"]
[Result "1/2-1/2"]
[WhiteElo "2426"]
[BlackElo "2498"]
[Annotator "TA"]
[PlyCount "90"]
[EventDate "2018.??.??"]
[EventType "swiss"]
[EventCountry "NOR"]
[SourceTitle "playchess.com"]
[Source "ChessBase"]
[SourceQuality "1"]

{[%evp 11,90,25,39,20,60,51,104,79,59,42,69,68,77,66,143,133,145,37,119,97,112,66,62,70,161,95,91,33,47,0,0,-15,25,-22,88,0,0,-30,0,-26,-31,-33,-32,-60,-6,-3,-3,-3,-4,-8,0,-7,265,73,225,84,75,58,279,201,258,247,165,0,-4,-55,-36,-94,-20,-24,-25,-29,-31,-23,-6,-7,3,3,3,3,4]} 1. Nf3 d5 2. b3 c5 3. Bb2 Nf6 4. e3 g6 5. c4 Bg7 6. cxd5 {A06: Zukertort-Eröffnung} Qxd5 {LiveBook: 9 Partien} 7. Bb5+ (7. Nc3 Qh5 8. Be2 O-O 9. O-O Nc6 10. Na4 Qd5 11. Rc1 b6 12. d4 cxd4 13. Nxd4 Nxd4 14. Qxd4 Bb7 15. Qxd5 {½-½ (15) Roiz,M (2652)-Najer,E (2665) Dagomys 2010}) 7... Nc6 8. Nc3 {[%cal Bb1c3,Bc3e2,Be2g3][%mdl 32] Weiß steht etwas besser.} Qf5 $146 (8... Qd6 $14) ({Vorgänger:} 8... Qh5 9. Ne4 O-O 10. Ng3 Qd5 11. Bc4 Qd6 12. O-O Bg4 13. Be2 Rad8 {½-½ (46) Valenti,G (2169)-Schut,L (2286) Paleochora 2010}) 9. O-O Bd7 10. Re1 Qh5 11. Rc1 O-O 12. Ne2 b6 (12... Qd5 $14) 13. Ng3 $1 $16 {[%cal Rg3h5]} Qh6 14. Rc4 (14. b4 $1 $16) 14... Bh8 (14... a6 $14 15. Rh4 Qxh4 16. Nxh4 axb5) 15. Rh4 Qg7 16. Bxc6 Bxc6 17. Ne5 Rac8 (17... Rfc8 $14) 18. Nxc6 ({Lieber} 18. Rh3 $1 $18) 18... Rxc6 19. e4 (19. Rh3 $1 $16) 19... Rd8 $14 20. e5 Nd5 21. Qf3 Re6 22. a3 h6 (22... Qf8 $11 {hält das Gleichgewicht.}) 23. h3 (23. d4 $16) 23... Qf8 $11 24. Ree4 Nc7 25. d4 cxd4 26. Bxd4 Bg7 27. Re1 Nb5 (27... Rd5 $15) 28. Bb2 $1 Rd2 29. Re2 $36 {[%mdl 2048] Weiss kämpft um Vorteil.} Qd8 30. Rc4 {zielt auf Txd2 ab.} Rd1+ 31. Kh2 {Schwarz muss nun Tec2 beachten.} Rb1 $2 {[%mdl 8192] [#]} (31... Nd4 $1 $11 32. Rxd4 Rxd4 33. Bxd4 Qxd4 34. Qa8+ Kh7) 32. a4 $2 (32. Rec2 $1 $18 {und der Rest ist Schweigen.} Qd1 33. Qxd1 Rxd1 34. f4 (34. a4 Bxe5 35. axb5 Rd5 $18)) 32... Nc7 $2 (32... Rxb2 $16 33. Rxb2 Bxe5) 33. Qb7 (33. Rd4 $18 {bietet bessere Gewinnchancen.} Qf8 34. Rd7 Rxb2 35. Rxb2 Bxe5 36. Rc2) 33... Qd1 $16 {[%csl Gb1][%cal Rd1g1]} 34. h4 {[#]} Nd5 $2 ({Falsch wäre} 34... Ne8 $2 35. Qa8 $18) (34... Rxb2 $1 $14 {[%mdl 512]} 35. Qc8+ (35. Rxb2 Bxe5 36. Rxc7 Bxb2 $11) 35... Kh7 36. Rxb2 Bxe5) 35. Rd4 Qxb3 36. Rxd5 Rxb2 37. Rd8+ $2 ({Besser ist} 37. Rb5 $18 Qxg3+ 38. Kxg3 Rxe2 39. f4 (39. Qxa7 Bxe5+ 40. Kh3 Bd4 $17)) 37... Kh7 $11 38. Rxb2 (38. f4 $11 Rxe2 39. Nxe2) 38... Qxb2 $15 39. Qf3 ({Günstiger ist} 39. f4 $15 Qc1 40. Qf3) 39... f5 (39... Qxe5 $17 {Droht ...Tf6 und aus.} 40. Qxf7 h5) 40. h5 $1 $11 Qxe5 41. hxg6+ Rxg6 {...e6 ist eine echte Drohung.} 42. Qxf5 Qxf5 43. Nxf5 {Die Stellung ist ausgeglichen.} e6 44. Nxg7 Rxg7 45. Re8 Rg4 {Precision: Weiß = 26%, Schwarz = 26%.} 1/2-1/2

[Event "Kragero Resort Chess A 2018"]
[Site "Kragero"]
[Date "2018.02.22"]
[Round "3"]
[White "Genocchio, Daniele"]
[Black "Chatalbashev, Boris"]
[Result "1/2-1/2"]
[WhiteElo "2385"]
[BlackElo "2571"]
[Annotator "TA"]
[PlyCount "42"]
[EventDate "2018.??.??"]
[EventType "swiss"]
[EventCountry "NOR"]
[SourceTitle "playchess.com"]
[Source "ChessBase"]
[SourceQuality "1"]

{[%evp 22,23,48,11]} 1. c4 b6 2. Nf3 Bb7 3. g3 c5 4. Bg2 Nf6 5. O-O e6 6. Nc3 Be7 7. d4 cxd4 8. Qxd4 d6 9. b3 Nbd7 10. Bb2 O-O 11. Rfd1 a6 12. Ng5 {LiveBook: 79 Games. A30: Symmetrical English: Double Fianchetto and Hedgehog} {Predecessor:} Bxg2 $146 13. Kxg2 Rc8 14. Nce4 Rc6 15. Qd3 Re8 16. Nxf6+ Nxf6 17. Bxf6 Bxf6 18. Qxh7+ Kf8 19. Qe4 Rc5 20. Nh7+ Kg8 21. Nxf6+ Qxf6 {1-0 (39) Nakamura,H (2779)-Pantsulaia,L (2607) Doha 2016} 1/2-1/2

[Event "Kragero Resort Chess A 2018"]
[Site "Kragero"]
[Date "2018.02.22"]
[Round "3"]
[White "Kaasen, Tor Fredrik"]
[Black "Houska, Jovanka"]
[Result "1-0"]
[WhiteElo "2335"]
[BlackElo "2408"]
[Annotator "TA"]
[PlyCount "115"]
[EventDate "2018.??.??"]
[EventType "swiss"]
[EventCountry "NOR"]
[SourceTitle "playchess.com"]
[Source "ChessBase"]
[SourceQuality "1"]

{[%evp 18,115,46,0,33,31,41,40,42,19,31,19,31,4,25,-37,-46,-104,-102,-108,-106,-94,-107,-109,-122,-188,-198,-197,-97,-89,-104,-104,-66,-92,-33,-90,0,-37,-17,-11,-10,-5,-11,-86,0,0,0,7,4,17,12,24,35,34,201,188,181,144,633,628,620,606,685,674,631,640,1164,1127,1271,1241,815,0,0,0,0,-14,0,-14,-14,-14,-14,-14,-20,-14,12817,5615,5314,5277,5210,1223,29974,29976,29974,29975,29986,29987,29987,29988,29988,29989]} 1. d4 d5 2. c4 e6 3. Nf3 Nf6 4. g3 Bb4+ 5. Bd2 Be7 6. Bg2 O-O 7. O-O c6 8. Qc2 Nbd7 9. Bf4 b5 {E11: Bogo-Indian} (9... b6 10. cxd5 cxd5 11. Rc1 Bb7 12. Qb3 Rc8 13. Rxc8 Qxc8 14. Nc3 Nh5 15. Bg5 Bxg5 16. Nxg5 Nhf6 17. e3 Qb8 18. Bf1 Rc8 {½-½ (56) So,W (2788)-Karjakin,S (2760) London 2017}) 10. b3 {LiveBook: 7 Games} Bb7 $146 ({Predecessor:} 10... bxc4 11. bxc4 Ba6 12. Nbd2 c5 13. Qa4 Qc8 14. Ne5 Bb7 15. Rab1 Nb6 16. Qa3 dxc4 17. Bxb7 Qxb7 18. dxc5 {1-0 (25) Rause,O (2615)-Kofidis,S (2615) Yugoslavia 1998}) 11. c5 a5 {White is slightly better.} 12. Nc3 Re8 13. h3 Nh5 14. Bd2 Nhf6 15. e3 Qc7 16. Ne1 (16. e4 $11) 16... e5 $15 17. f4 (17. Nd3 $15) 17... exd4 $17 18. exd4 b4 19. Na4 {[#]} Ne4 $1 {[%mdl 512]} 20. Kh2 (20. Bxe4 dxe4) 20... Ba6 {[#]} 21. Nd3 (21. Bxe4 $1 $17 {[%mdl 512]} dxe4 22. Rg1) 21... Bf6 $19 22. Ne5 Bxf1 (22... Nxe5 23. dxe5 Bxe5 24. fxe5 $17) (22... Bxe5 $19 {is more deadly.} 23. fxe5 Nxd2 24. Qxd2 Bxf1 25. Rxf1 Rad8) 23. Bxe4 $17 dxe4 (23... Nxe5 $6 24. Bxh7+ Kh8 25. fxe5 $11 (25. dxe5 Bb5 $11)) 24. Rxf1 Bd8 25. Re1 Nxe5 (25... Qc8 $17 26. Nc4 Qa6 27. Rxe4 Bc7) 26. fxe5 ({White should play} 26. dxe5 $15 f5 27. Nb6) 26... f6 (26... Qd7 $17 27. Rxe4 Qf5) 27. Qxe4 (27. Nb6 $5 {[%cal Rb6a8]} Ra7 28. Qxe4 $11) 27... fxe5 28. Nb6 Ra7 {[#]} 29. Bf4 $1 {[%cal Rd4e5,Bd2f4,Bf4d6,Bd6e5][%mdl 544]} a4 {Threatens to win with ...axb3.} (29... exf4 30. Qxe8#) 30. Nxa4 (30. Re2 $11 {keeps the balance.}) 30... Bf6 (30... Qf7 $17 {aiming for ...Rae7.} 31. Qxc6 Rae7 32. Rxe5 Bc7) 31. dxe5 $11 g5 32. Qc4+ Qf7 $132 {[%mdl 2048] Hoping for ...Qxc4. Black is not keeping still} 33. e6 Qg6 34. Bd6 $1 h5 35. Re2 Rg7 $2 (35... g4 $14) 36. Nb6 $1 $18 ({Don't do} 36. Qxb4 $6 Qd3 $16) 36... h4 37. g4 ({Resist} 37. Qxb4 $6 hxg3+ 38. Kg2 (38. Bxg3 g4 $11) 38... Rh7 $11) 37... Be7 $2 {[%mdl 8192] [#]} (37... Ra7 $16 38. Qxb4 Qd3) 38. Nd7 $1 Kh7 {With the idea ...Bxd6+.} 39. Be5 Rgg8 40. Rf2 Kh6 41. Kg2 Ra8 42. Bd6 Qh7 43. Bxe7 Qxe7 44. Rf6+ $2 (44. Rf7 $18 Qd8 45. Qd4) 44... Rg6 $11 45. Rxg6+ Kxg6 {[%mdl 4096] Endgame KQR-KQN} 46. Qd3+ Kg7 47. Qd4+ Kh6 48. Qd6 $1 {[%cal Rd6e7]} Re8 49. Ne5 Qxe6 50. Nxc6 Qxd6 $4 {[%mdl 8192]} (50... Kg7 $11 51. Qxe6 Rxe6 52. Nxb4 Re2+ 53. Kf1 Re3) 51. cxd6 {[%cal Bc5d6,Bd6d7][%mdl 32] KR-KN} Re2+ 52. Kf3 Rd2 {[#]} 53. Ne7 $1 Kg7 54. Ke3 {White mates.} Rd1 55. Ke2 Ra1 56. d7 Rxa2+ 57. Ke3 Ra8 58. Nc8 {Precision: White = 52%, Black = 35%.} 1-0